LEADER 00957nam a22002531i 4500 001 991003583309707536 005 20040723174650.0 008 040802s1971 it |||||||||||||||||ita 035 $ab13095808-39ule_inst 035 $aARCHE-104841$9ExL 040 $aBiblioteca Interfacoltà$bita$cA.t.i. Arché s.c.r.l. Pandora Sicilia s.r.l. 082 04$a841.3 100 1 $aDe Michelis, Eurialo$0156848 245 10$aImitazioni /$cEurialo De Michelis 260 $aRoma :$bF.lli Palombi,$c1971 300 $a82 p. ;$c22 cm 500 $aEstr. da: Atti e memorie dell'Arcadia, Serie 3, v. 5, fasc. 2-3(1971) 600 14$aSponde, Jean :$cde 907 $a.b13095808$b02-04-14$c05-08-04 912 $a991003583309707536 945 $aLE002 Fondo Giudici Busta 9/017$g1$i2002000302458$lle002$nC. 1$o-$pE0.00$q-$rn$so $t0$u0$v0$w0$x0$y.i1372941x$z05-08-04 996 $aImitazioni$9289615 997 $aUNISALENTO 998 $ale002$b05-08-04$cm$da $e-$fita$git $h0$i1